000 00470 a2200169 4500
003 OSt
005 20231028155014.0
008 231028b |||||||| |||| 00| 0 eng d
020 _a9788126452361
040 _coclc
082 _a500
_bSIV/S
100 _aSivadas, S
_97659
245 _aSCIENCE ACTIVITY BANK /
_cProf,. S Sivadas
260 _aKottayam:
_bD C Books,
_c2023.
300 _a328p
_c24 cm
942 _2ddc
_cBK
_h500
_iSIV/S
_k500
_mSIV/S
999 _c42881
_d42881